00468nam a2200193 a 4500001001300000003000900013005001700022008004100039020001000080082001500090100002000105245002000125260003700145300000900182500003500191505001700226650001100243700002000254nice12345678IN_TiNIC20260116012846.0050524s1963 duba grp 000 0 eng  ac10000a264.1bQUO aQuolist, Michel aPrayers of Life aDublinbGill and Macmillanc1963 a135p aincludes index and biblioraphy2 aIndex, notes aPrayer1 aQuolist, Michel